|
|
|
|
| LEADER |
00000cam a2200000 a 4500 |
| 001 |
vtls001096652 |
| 003 |
SK-MaSNL |
| 005 |
20260301140906.0 |
| 008 |
251124s1957 un 00100 ukr |
| 035 |
|
|
|a SNK000039494
|
| 040 |
|
|
|a SNK
|b slo
|c SNK
|e AACR2
|
| 041 |
0 |
|
|a ukr
|
| 044 |
|
|
|a un
|c UA
|
| 245 |
0 |
0 |
|a Archeologija
|n T. 11
|
| 260 |
|
|
|a Kijiv
|b AKADEMIJA NAUK UKRAJINSKOJI RSR
|c 1957
|
| 300 |
|
|
|a 179, [5] s.
|c 4°
|
| 650 |
0 |
7 |
|a archeológia
|2 SNKPH
|9 4974
|
| 651 |
|
7 |
|a Ukrajina
|2 SNKPH
|9 168045
|
| 655 |
|
7 |
|a monografie
|2 SNKPH
|9 70139
|
| 958 |
|
|
|a RK
|
| 999 |
|
|
|c 765342
|d 767272
|
| 952 |
|
|
|t P60, <04>, [BOOK], {604}
|a SNK
|b SNK
|y VYP
|7 0
|o snkIB 7017/11
|i snk7767/57
|0 0
|1 0
|4 0
|d 1995-11-29
|l 0
|r 2004-12-31 00:00:00
|w 2026-02-24
|